Mỹ học và ảnh nghệ thuật

Saved in:
Bibliographic Details
Main Author: M S Kagan
Format: Book
Language:Undetermined
Published: Hà Nội Văn hóa 1980
Subjects:
Tags: Add Tag
No Tags, Be the first to tag this record!
Institutions: Trung tâm Học liệu Trường Đại học Cần Thơ
LEADER 00472nam a2200169Ia 4500
001 CTU_9650
008 210402s9999 xx 000 0 und d
082 |a 770 
082 |b K11 
100 |a M S Kagan 
245 0 |a Mỹ học và ảnh nghệ thuật 
245 0 |c M S Kagan, Nguyễn Huy Hoàng 
260 |a Hà Nội 
260 |b Văn hóa 
260 |c 1980 
650 |a photography, artistic 
980 |a Trung tâm Học liệu Trường Đại học Cần Thơ